Advanced accounting

Saved in:
Bibliographic Details
Main Author: Hoyle, Joe Ben
Format: Book
Language:English
Published: Burr Ridge, Illinois : Irwin, 1994
Edition:4th ed.
Series:Irwin series in undergraduate accounting
Subjects:
Tags: Add Tag
No Tags, Be the first to tag this record!

MARC

LEADER 00000nam a2200000 i 4500
001 1/49720
008 960403s1994 eng d
020 |a 0-256-12407-8 
035 |l 10026882 
040 |a GR-MY-UA  |b gre  |e aacr 
041 0 |a eng 
082 0 |a 657.046 
100 1 |a Hoyle, Joe Ben. 
245 1 0 |a Advanced accounting /  |c Joe Hoyle 
250 |a 4th ed. 
260 |a Burr Ridge, Illinois :   |b Irwin,   |c 1994 
300 |a 1158 σ. 
490 1 |a Irwin series in undergraduate accounting 
504 |a Περιλαμβάνει βιβλιογραφικές παραπομπές και ευρετήριο 
650 0 0 |a Accounting. 
830 0 |a Irwin series in undergraduate accounting 
852 |a INST  |b CHIOS  |e 19960403  |h 657.046 HOY  |p 005200001593  |q 005200001593  |t BK  |y 0 
909 |a Χ  |b 041067